| 000 | 01243nac a22002771i 4500 | ||
|---|---|---|---|
| 003 | EG-ScBUE | ||
| 005 | 20231029131533.0 | ||
| 008 | 101025s1965 u f b 001 0bara d | ||
| 040 |
_aEG-ScBUE _bara _erda _cEG-ScBUE _dEG-ScBUE |
||
| 082 | 0 | 4 |
_a303.484092 _bأ م ي _222 |
| 100 | 1 |
_920597 _aأمين، عثمان، _eمؤلف. |
|
| 245 | 1 | 0 |
_aرائد الفكر المصري : _bالإمام محمد عبده / _cتأليف الدكتور عثمان أمين، أستاذ الفلسفة بجامعة القاهرة. |
| 250 | _aالطبعة الثانية. | ||
| 264 | 1 |
_aالقاهرة : _bمكتبة الأنجلو المصرية، _c1965. |
|
| 300 |
_a325 صفحة ؛ _c24 سم. |
||
| 336 |
_2rdacontent _aنص _btxt |
||
| 337 |
_2rdamedia _aبدون وسيط _bn |
||
| 338 |
_2rdacarrier _aمجلد _bnc |
||
| 490 | 0 | _aرسل الوعي الإنساني | |
| 504 | _aيشتمل على إرجاعات ببليوجرافية وكشافات. | ||
| 600 | 0 | 7 |
_916691 _aمحمد عبده، _d1266-1323 هـ. _2BUEsh |
| 650 | 7 |
_aالمصلحون الاجتماعيون _zمصر. _2BUEsh _98438 |
|
| 650 | 7 |
_aالإسلام _xحركات الإحياء والإصلاح والتجديد. _2BUEsh |
|
| 655 | _vReading book | ||
| 942 |
_cBB _2ddc |
||
| 999 |
_c7023 _d7023 |
||